00411nam a2200169Ia 4500008004100000041001200041082001100053100003000064245003100094365000600125520001200131546001200143630003100155650001200186655001200198730003100210101110s9999 xx 000 0 und d aENGLISH bJR1071 aKulkarni V.W., Bhole H.N. aPractical Physics Std. XII b8 aPhysics aENGLISH aPractical Physics Std. XII aPhysics aPhysics aPractical Physics Std. XII